[Event "CZE-tht Extraliga 2017-18"]
[Site "Czech Republic"]
[Date "2017.12.03"]
[Round "4.2"]
[White "Tazbir, Marcin"]
[Black "Rosko, Lubos"]
[Result "1-0"]
[WhiteElo "2520"]
[BlackElo "2312"]
[Annotator "TA"]
[PlyCount "77"]
[EventDate "2017.??.??"]
[EventType "team-tourn"]
[EventCountry "CZE"]
[SourceTitle "playchess.com"]
[Source "ChessBase"]
[SourceQuality "1"]

{[%evp 19,77,35,40,19,29,33,56,7,56,71,129,129,129,129,130,131,124,116,170,170,170,170,189,193,193,192,236,236,239,242,394,384,385,383,407,400,429,421,447,312,304,302,305,297,312,298,296,291,299,301,366,386,378,310,558,553,1124,1073,29980,29981]} 1. e4 c5 2. Nc3 Nc6 3. Bb5 g6 4. Bxc6 bxc6 5. d3 d6 6. f4 Bg7 7. Nf3 Nf6 {[%cal Bg8f6,Bf6e8,Be8c7,Bc7b5][%mdl 32]} 8. O-O O-O 9. Qe1 Rb8 10. b3 Ne8 {LiveBook: 5 Games. B23: Closed Sicilian: Lines without g3} (10... Nh5 11. Bd2 Bxc3 12. Bxc3 Nxf4 13. e5 Bg4 14. Qh4 Ne2+ 15. Kh1 Bxf3 16. Rxf3 Nxc3 17. Qh6 f6 18. e6 {1-0 (34) Paehtz,E (2463)-Saduakassova,D (2428) Doha 2016}) 11. Rb1 Nc7 12. Ne2 Nb5 $146 {White is slightly better.} ({Predecessor:} 12... Bg4 13. Bb2 Bxb2 14. Rxb2 Nb5 15. Qh4 Bxf3 16. Rxf3 e6 {½-½ (16) Rodriguez,J-De Greif,B Bogota 1969}) 13. Qh4 e6 14. Qf2 ({Much worse is} 14. Ng5 h6 $11) 14... Qb6 (14... f6 $142) 15. e5 d5 16. c4 {[%cal Bc2c4,Bc4c5][%mdl 32]} Nd4 17. Nexd4 cxd4 18. Nxd4 Rd8 {[#]} (18... Ba6 $16) 19. c5 $1 $36 {[%cal Rc5b6][%mdl 2048] Black is under strong pressure.} Qa6 20. Qc2 f6 21. exf6 Bxf6 22. Nf3 Re8 23. Be3 Qa5 24. Bd4 Qd8 $2 (24... Bxd4+ 25. Nxd4 Qc7) 25. Bxf6 Qxf6 26. Ne5 Bb7 27. Nd7 Qd4+ 28. Qf2 Qxd3 29. Rbd1 Qf5 30. Nxb8 Rxb8 31. Qe2 Re8 32. Rf3 Qf8 33. Qf2 Ba6 34. Re1 Qf5 35. Qd4 Re7 36. h3 h5 $2 (36... Bc8 {was called for.} 37. Kh2 Qf8) 37. Re5 Qb1+ 38. Kh2 Kh7 {[#]} 39. f5 $1 {Precision: White = 84%, Black = 17%.} 1-0

[Event "CZE-tht Extraliga 2017-18"]
[Site "Czech Republic"]
[Date "2017.12.03"]
[Round "4.2"]
[White "Cernousek, Lukas"]
[Black "Dziuba, Marcin"]
[Result "1/2-1/2"]
[WhiteElo "2450"]
[BlackElo "2584"]
[Annotator "TA"]
[PlyCount "64"]
[EventDate "2017.??.??"]
[EventType "team-tourn"]
[EventCountry "CZE"]
[SourceTitle "playchess.com"]
[Source "ChessBase"]
[SourceQuality "1"]

{[%evp 20,64,14,25,42,0,0,0,0,6,0,0,3,4,4,0,19,15,19,17,18,18,19,22,15,0,0,0,0,0,7,4,2,0,2,-7,0,-67,-54,-58,0,-3,0,0,0,0,0]} 1. d4 d5 2. c4 e6 3. Nc3 c6 4. e4 dxe4 5. Nxe4 Bb4+ 6. Bd2 {[%cal Bc1d2,Bd2b4,Bb4a3,Ba3d6][%mdl 32]} Qxd4 7. Bxb4 Qxe4+ 8. Ne2 Nd7 9. Qd6 {D31: Queen's Gambit Declined: Semi-Slav without ...Nf6 (+ Marshall Gambit and Noteboom) and Exchange Variation lines without ...Nf6} a5 10. Ba3 Qe5 11. Qd2 {LiveBook: 5 Games} Ngf6 12. Bd6 $146 (12. f4 $5 {[%cal Rf4e5]} Qb8 13. Nc3 $11) ({Predecessor:} 12. O-O-O Ne4 13. Qe3 b5 14. f4 Qc7 15. Qxe4 b4 16. Bxb4 axb4 {½-½ (41) Hauchard,A (2450)-Dorfman,J (2580) Brussels 1993}) 12... Ne4 $1 {[%cal Re4d6]} 13. Bxe5 Nxd2 14. Bxg7 Rg8 15. Kxd2 {[#] aiming for Bd4.} Rxg7 16. Nf4 Nc5 17. Re1 Bd7 18. g3 O-O-O 19. Nd3 Nxd3 20. Bxd3 f6 21. Kc3 e5 22. Be2 Bg4 23. f3 Be6 24. Rd1 Rxd1 25. Rxd1 $11 {[%mdl 4096] Endgame KRB-KRB} Kc7 26. a3 h5 27. Rd2 h4 28. gxh4 (28. g4 $11) 28... Rh7 $15 29. f4 exf4 (29... Rxh4 $15 30. fxe5 fxe5) 30. h5 $11 {The position is equal.} Bf7 31. Rd4 Bxh5 32. Bd3 Rh6 {Precision: White = 67%, Black = 74%.} 1/2-1/2

[Event "CZE-tht Extraliga 2017-18"]
[Site "Czech Republic"]
[Date "2017.12.03"]
[Round "4.3"]
[White "Yemelin, Vasily"]
[Black "Cyborowski, Lukasz"]
[Result "1/2-1/2"]
[WhiteElo "2556"]
[BlackElo "2517"]
[Annotator "TA"]
[PlyCount "167"]
[EventDate "2017.??.??"]
[EventType "team-tourn"]
[EventCountry "CZE"]
[SourceTitle "playchess.com"]
[Source "ChessBase"]
[SourceQuality "1"]

{[%evp 31,167,58,98,110,100,102,111,108,105,98,102,100,100,106,121,122,171,170,162,136,247,237,354,372,327,201,276,263,309,306,311,293,313,314,356,309,310,298,288,228,320,314,197,61,61,61,61,61,61,61,61,61,183,183,133,133,133,133,197,190,183,0,212,212,212,212,212,204,204,202,197,190,175,175,569,175,160,61,362,61,61,61,61,61,619,61,608,562,537,61,61,61,61,0,540,0,0,0,516,0,0,0,0,0,0,0,0,0,0,0,529,435,391,0,0,0,0,0,0,0,0,0,0,0,8,0,0,0,0,0,0,0,0,0,0,0,0,0]} 1. e4 e5 2. Nf3 Nf6 3. d4 Nxe4 4. Bd3 d5 5. Nxe5 Nd7 6. Nxd7 Bxd7 7. O-O Bd6 8. c4 c6 9. cxd5 cxd5 10. Nc3 Nxc3 11. bxc3 O-O 12. Qh5 {C43: Petroff Defence: 3 d4} g6 13. Qxd5 Qc7 14. c4 Be6 15. Qf3 Bxc4 16. Bh6 Rfe8 {LiveBook: 10 Games} (16... Bxh2+ $2 17. Kh1 $18) 17. Rfc1 (17. Bxc4 Qxc4 18. Qf6 Bf8 $11) 17... b5 (17... Bxh2+ $2 18. Kh1 $18) 18. g3 $1 Rac8 19. a4 $1 {[%cal Ra4b5]} ({Of course not} 19. Qf6 $6 Bf8 $11) 19... Qd7 20. axb5 $1 $40 {[%mdl 128] White attacks with force.} Bxd3 21. Rxc8 Rxc8 22. Qxd3 Rb8 23. d5 {[%cal Bd4d5,Bd5d6][%mdl 32]} Be5 24. Rb1 Rd8 25. Rc1 Bg7 (25... Qg4 $16 26. Be3 Qd7) 26. Bf4 $1 $18 h6 (26... Bf8 $142 27. d6 Qe6) 27. d6 g5 28. Be3 Qe6 29. Rc6 Bf8 30. Bxa7 Rxd6 31. Rxd6 Bxd6 32. Be3 f5 33. h3 f4 34. gxf4 gxf4 35. Bd4 h5 (35... Kf7 $142 36. Bc3 Ke8) 36. b6 Qd5 37. Qg6+ (37. h4 $1 $18) 37... Kf8 $14 38. Qg7+ Ke8 39. b7 f3 $1 40. Qh8+ Kd7 41. b8=N+ Kc7 (41... Bxb8 $1 $14 42. Qxb8 Qxd4) 42. Na6+ $1 $18 Kb7 {( -> ...Qg5+)} 43. Nc5+ $1 Bxc5 44. Qg7+ Kc6 (44... Kb6 $16 45. Bxc5+ Kxc5) 45. Bxc5 $1 Kxc5 {[%mdl 4096] Endgame KQ-KQ} 46. Qc3+ $2 ({White must play} 46. Qe7+ $1 $18 Kb5 47. Kh2) 46... Kd6 $2 (46... Kb5 $1 $11 47. Qb2+ Kc4 48. Qc1+ Kd3 49. Qe3+ Kc4) 47. Qf6+ $1 Qe6 48. Qxf3 Qg6+ 49. Kh2 Ke7 50. Qb7+ Kf8 51. Qb8+ Kf7 52. Qc7+ Kf8 $2 (52... Ke8 {is more resistant.} 53. Qe5+ Kd7) 53. Qf4+ $2 (53. Qe5 Kf7 54. f3) 53... Ke7 54. Qg3 (54. Qe5+ $16 Kd7 55. f3) 54... Qf5 $2 {[%mdl 8192]} (54... Qf6 $1 $14) 55. Qg7+ $2 (55. Qe3+ $18 Kd7 56. Kg3) 55... Ke6 56. Qh6+ Kf7 $1 57. Kg3 Qd3+ $2 {[%mdl 8192]} (57... Qd5 $14 58. Qh7+ Kf6) 58. Qe3 $2 (58. f3 $1 $18 Qf5 59. Qf4) 58... Qg6+ $2 {[%mdl 8192]} (58... Qd8 $14 59. Qe5 Kg6 60. Qe6+ Kh7) 59. Kh4 $1 Qf5 60. Qg3 $2 (60. f3 $1 $18 Qf6+ 61. Kxh5) 60... Kf6 $14 61. Qd6+ Kg7 62. f4 ({Better is} 62. Qe7+ $14 Kg6 63. Qe8+ Kh6 64. Qc6+ Kg7 65. Qc3+ Kf8 66. Qg3) 62... Kf7 $2 {[%mdl 8192]} (62... Qe4 $1 $11) 63. Qe5 $2 (63. Kg3 $18 {aiming for Qe5.} h4+ 64. Kxh4) 63... Kg6 $11 64. Qd6+ $2 {[%mdl 8192]} (64. Qxf5+ $1 $11 Kxf5 65. Kxh5 (65. Kg3 Ke4 $11) 65... Kxf4 66. Kh6) 64... Kf7 $18 65. Qe5 $2 (65. Qh6 $18 Ke7 66. Qg5+ (66. Qxh5 Qxf4+ 67. Qg4 Qf6+ 68. Kh5 Qh8+ 69. Kg6 Qg8+ 70. Kh6 Qh8+ 71. Kg5 Qf6+ 72. Kh5 Qh8+ 73. Kg5 Qg7+ 74. Kh5 Qh8+ $11) 66... Ke6 67. Kxh5 (67. Qxh5 Qxf4+ 68. Qg4+ Ke5 $11) 67... Qxh3+ 68. Kg6 Qd3+ 69. f5+ Ke5 70. Qf6+ Kf4 71. Qh4+ Ke5 72. Qh2+ Kd5 73. Qf4) 65... Kg6 $11 66. Qe8+ Kh6 {[%cal Rf5f4]} 67. Qh8+ Kg6 {[%cal Rf5f4]} 68. Qg8+ Kh6 $1 69. Qh8+ $1 Kg6 {[%cal Rf5f4]} 70. Qd4 {Strongly threatening Qd6+.} Kf7 $2 {[%mdl 8192] [#]} (70... Kh7 $11 {and Black is okay.} 71. Qd6 Kg7) 71. Qd6 $1 $18 Kg7 {[#]} 72. Qd4+ $2 ({White has to play} 72. Kg3 $1 $18 Qc2 73. Qe7+ Kg8 74. Qe8+ Kg7 75. Qxh5) 72... Kf7 {The position is equal.} 73. Qe3 Kg7 74. Qc3+ Kh6 {[%cal Rf5f4]} 75. Qd4 {Hoping for Qd6+.} (75. Qh8+ {looks sharper.}) 75... Kh7 76. Kg3 (76. Qc4 {seems wilder.} Kh6 77. Qc6+ Kh7 78. Qf3 Kh6 79. Kg3) 76... Qg6+ $1 77. Kf3 {Black must now prevent Qe4.} Qa6 78. Qe4+ Kh6 79. Kg3 {Threatens to win with Qe7.} Qb6 80. Qd3 Qg1+ 81. Kh4 {Qd6+ is the strong threat.} Qe1+ 82. Qg3 Qe7+ 83. Qg5+ Qxg5+ 84. fxg5+ {Precision: White = 55%, Black = 45%.} 1/2-1/2

[Event "CZE-tht Extraliga 2017-18"]
[Site "Czech Republic"]
[Date "2017.12.03"]
[Round "4.3"]
[White "Antoniewski, Rafal"]
[Black "Dragnev, Valentin"]
[Result "1/2-1/2"]
[WhiteElo "2531"]
[BlackElo "2461"]
[Annotator "TA"]
[PlyCount "64"]
[EventDate "2017.??.??"]
[EventType "team-tourn"]
[EventCountry "CZE"]
[SourceTitle "playchess.com"]
[Source "ChessBase"]
[SourceQuality "1"]

{[%evp 29,64,18,42,9,12,0,0,0,0,0,24,28,52,0,5,15,23,0,0,0,0,0,0,0,17,0,0,0,0,0,0,0,0,0,0,0,0]} 1. d4 d5 2. c4 e6 3. Nc3 Nf6 4. Nf3 c5 5. cxd5 Nxd5 6. e4 Nxc3 7. bxc3 cxd4 8. cxd4 Bb4+ 9. Bd2 Bxd2+ 10. Qxd2 O-O 11. Bc4 Nd7 12. O-O {D41: Queen's Gambit Declined: Semi-Tarrasch with 5 cxd5} b6 13. a4 Bb7 14. Rfe1 Nf6 15. Bd3 h6 {[#] LiveBook: 15 Games} 16. Rab1 $146 ({Predecessor:} 16. a5 bxa5 17. Rxa5 Qc7 18. Qb4 Rfb8 19. Qa3 Rc8 {½-½ (59) Svidler,P (2755)-Kramnik,V (2811) Sochi 2017}) 16... Qc7 17. a5 bxa5 18. Rbc1 Qd8 19. Rc5 a6 20. Rxa5 Qe7 21. h3 Rfc8 22. Qb2 (22. g3 {is more complex.} Rc7 23. Qb2 Rac8 24. Ra4 Rc3 25. Ne5) 22... Rc7 23. Qa3 Qxa3 {The position is equal.} 24. Rxa3 Kf8 25. Ne5 Rd8 26. Ra4 g5 27. Ng4 Nxg4 28. hxg4 Rcd7 29. Bxa6 Ra8 30. Bxb7 Rxa4 31. Bc6 $1 {[%csl LRa4,LRd7]} Rdxd4 {[#] Threatens to win with ...Rab4.} 32. Bxa4 Rxa4 {Precision: White = 41%, Black = 58%.} 1/2-1/2

[Event "CZE-tht Extraliga 2017-18"]
[Site "Czech Republic"]
[Date "2017.12.03"]
[Round "4.3"]
[White "Jakubiec, Artur"]
[Black "Bernasek, Jan"]
[Result "1-0"]
[WhiteElo "2512"]
[BlackElo "2494"]
[Annotator "TA"]
[PlyCount "79"]
[EventDate "2017.??.??"]
[EventType "team-tourn"]
[EventCountry "CZE"]
[SourceTitle "playchess.com"]
[Source "ChessBase"]
[SourceQuality "1"]

{[%evp 16,79,0,0,0,0,0,0,0,0,0,0,4,0,23,-10,0,-7,0,-41,0,0,0,0,12,0,0,0,0,8,23,16,37,29,32,25,29,8,29,9,24,23,492,503,500,506,485,452,478,492,491,502,471,464,475,487,468,466,1154,1114,29992,29993,29993,29992,29994,29993]} 1. d4 Nf6 2. Nc3 d5 3. Bf4 e6 4. Nb5 Na6 5. e3 c6 6. Nc3 {D00: Damenbauernspiele} Qb6 7. a3 c5 8. Nf3 Bd7 9. Rb1 {LiveBook: 6 Partien} Be7 10. Bd3 O-O 11. O-O $146 ({Vorgänger:} 11. Ne5 c4 {1-0 (76) Artemiev,V (2692)-Radjabov,T (2742) Tbilisi 2017}) 11... Rfd8 {[%cal Bf8d8,Bd8d6,Bd6b6][%mdl 32]} 12. Ne5 Be8 13. Bg5 Rd6 14. Ng4 Qd8 $1 15. Bf4 Rb6 16. Ne5 Rc8 17. Qf3 Nb8 (17... c4 $5 {[%cal Rc4d3]} 18. Be2 Nc7 $11) 18. Qh3 c4 19. Be2 Nbd7 {[%cal Bb8d7,Bd7f8,Bf8g6][%mdl 32]} 20. Bf3 Nf8 21. Rfd1 Ng6 22. Bg3 Bc6 23. Be2 Nd7 {[%cal Bf6d7,Bd7e5,Be5d3][%mdl 32]} 24. e4 $36 {[%mdl 2048] Weiss hat gut koordiniertes Spiel.} Ndxe5 25. exd5 $1 {[#]} Nd3 $1 {[%mdl 512]} 26. dxc6 (26. cxd3 cxd3) 26... Nxb2 27. d5 Nxd1 28. Rxd1 bxc6 $2 {[%mdl 8192]} (28... Qf8 $11 {und Schwarz ist OK.}) 29. dxe6 $18 Qf8 {...f5 ist eine echte Drohung.} 30. exf7+ Kh8 {und die Idee ...Td8 ließe Schwarz weiter hoffen.} 31. Bh5 {Droht stark Lxg6.} c5 32. Nd5 Rd8 33. Nxb6 Rxd1+ 34. Bxd1 {zielt auf Lh5 ab.} axb6 35. Qe6 Qd8 36. Bf3 Qd2 (36... Qd4 $142 37. Be2 Qf6 38. Bxc4 Qa1+ 39. Bf1 Qf6) 37. h4 Qxc2 {[#]} 38. Qxe7 $1 {[%mdl 512] Weiß setzt Matt.} Nxe7 39. f8=Q+ Ng8 40. Kh2 {Precision: Weiß = 69%, Schwarz = 56%.} 1-0

[Event "CZE-tht Extraliga 2017-18"]
[Site "Czech Republic"]
[Date "2017.12.03"]
[Round "4.3"]
[White "Cvek, Robert"]
[Black "Ragger, Markus"]
[Result "1/2-1/2"]
[WhiteElo "2504"]
[BlackElo "2644"]
[Annotator "TA"]
[PlyCount "66"]
[EventDate "2017.??.??"]
[EventType "team-tourn"]
[EventCountry "CZE"]
[SourceTitle "playchess.com"]
[Source "ChessBase"]
[SourceQuality "1"]

{[%evp 18,66,0,0,7,10,17,16,20,29,17,20,31,20,16,20,17,24,22,31,27,17,14,7,28,0,0,0,0,-10,-10,-19,-22,-20,-22,-7,226,0,0,0,0,0,0,0,0,0,0,0,0,0,0]} 1. Nf3 d5 2. e3 Nf6 3. c4 e6 4. b3 b6 5. Bb2 Bb7 6. d4 Bd6 7. Bd3 O-O 8. Nc3 a6 9. Qc2 Nbd7 10. O-O {LiveBook: 40 Games} Rc8 $146 {E14: Queen's Indian: Classical Variation (4 e3)} ({Predecessor:} 10... c5 11. cxd5 exd5 12. Rad1 Re8 13. Bf5 Nf8 14. dxc5 bxc5 15. Na4 Ne4 16. Bxe4 dxe4 17. Qc3 Ne6 18. Nxc5 exf3 19. Nxe6 {½-½ (51) Fedoseev,V (2683)-Inarkiev,E (2664) St Petersburg 2015}) 11. e4 {e5 is the strong threat.} dxe4 12. Nxe4 Nxe4 13. Bxe4 Bxe4 14. Qxe4 Nf6 15. Qb7 a5 16. Ne5 c5 17. dxc5 Bxc5 18. Rad1 Qc7 19. Qxc7 Rxc7 20. g4 Ra8 21. Kg2 a4 22. Kf3 Ne8 23. Nd7 axb3 24. axb3 Bd6 25. Nxb6 Rb8 $1 {[%cal Rb8b6]} 26. Bd4 Bc5 $2 (26... Rc6 $11) 27. Be5 $2 (27. Bxc5 $18 Rxc5 28. b4) 27... Rxb6 $11 {The position is equal.} 28. Bxc7 Rxb3+ 29. Kg2 {[#] Strongly threatening Rd8.} Nxc7 30. Rd8+ Bf8 {And now ...e5 would win.} 31. Rc8 Na6 32. Ra1 $1 {[%cal Ra1a6]} Rb8 33. Rxf8+ $1 Kxf8 {Precision: White = 48%, Black = 53%.} 1/2-1/2

[Event "CZE-tht Extraliga 2017-18"]
[Site "Czech Republic"]
[Date "2017.12.03"]
[Round "4.3"]
[White "Spacek, Petr"]
[Black "Smirin, Ilia"]
[Result "0-1"]
[WhiteElo "2378"]
[BlackElo "2625"]
[Annotator "TA"]
[PlyCount "80"]
[EventDate "2017.??.??"]
[EventType "team-tourn"]
[EventCountry "CZE"]
[SourceTitle "playchess.com"]
[Source "ChessBase"]
[SourceQuality "1"]

{[%evp 20,80,2,7,24,20,45,0,0,-18,0,-27,-4,5,1,-27,-14,-23,-31,-25,0,-31,-41,-37,-31,-66,-81,-97,-89,-94,-97,-91,-77,-83,-64,-89,-79,-179,-203,-495,-493,-489,-410,-390,-406,-408,-403,-403,-406,-366,-340,-330,-281,-616,-603,-1132,-1146,-1082,-1014,-1016,-956,-1128,-1140]} 1. d4 Nf6 2. c4 g6 3. Nc3 Bg7 4. e4 d6 5. Be2 O-O 6. Bg5 Na6 7. Nf3 h6 8. Bf4 e5 9. dxe5 Nh5 10. Be3 {E91: King's Indian: Classical: 6 Be2, unusual replies including 6...c5 and 6...Bg4} dxe5 11. g3 {LiveBook: 4 Games} c6 12. Qd2 {White has an edge.} Kh7 13. O-O $146 ({Predecessor:} 13. O-O-O Qe7 14. Qd6 Qxd6 15. Rxd6 Re8 16. Rhd1 Nf6 17. c5 Nc7 {1-0 (49) Tan,Z (2504)-Kavutskiy,K (2360) Gibraltar 2016}) 13... Qe7 14. Rfd1 (14. Kg2 {feels hotter.} Rd8 15. Qc1 Nc5 16. Rd1 Rxd1 17. Qxd1 Nf6 18. Qc2) 14... Nf6 15. Qd6 Qxd6 16. Rxd6 Ng4 17. Bd2 Re8 18. Be1 Nc5 19. Rdd1 f5 20. Nd2 h5 21. Kg2 Ne6 22. Bd3 f4 $1 23. h3 fxg3 24. Kxg3 Nh6 25. Nf3 g5 {[%cal Bg6g5,Bg5g4][%mdl 32]} 26. Bd2 Bf6 27. Ne2 Rg8 {Hoping for ...g4.} 28. Bc3 (28. Kg2 $17 {was called for.}) 28... g4 $19 29. Nxe5 $2 {[#]} (29. hxg4 Nxg4 30. Rd2) 29... gxh3+ 30. Kf3 Ng5+ 31. Kf4 h2 32. f3 Nh3+ 33. Ke3 Rg2 34. Rh1 Bg5+ 35. f4 Bf6 36. Nf3 $2 (36. Raf1 Bxe5 37. fxe5) 36... Bxc3 {[%cal Rh6g4] [#] Black is clearly winning.} ({Less strong is} 36... Ng4+ 37. Kd2 $17) 37. e5+ Bf5 {[%cal Rh6g4]} 38. Nxc3 Ng4+ 39. Kd4 Rd8+ 40. Nd5 Bxd3 {Precision: White = 33%, Black = 82%.} 0-1

[Event "CZE-tht Extraliga 2017-18"]
[Site "Czech Republic"]
[Date "2017.12.03"]
[Round "4.3"]
[White "Smajzr, Martin"]
[Black "Heberla, Bartlomiej"]
[Result "0-1"]
[WhiteElo "2225"]
[BlackElo "2558"]
[Annotator "TA"]
[PlyCount "64"]
[EventDate "2017.??.??"]
[EventType "team-tourn"]
[EventCountry "CZE"]
[SourceTitle "playchess.com"]
[Source "ChessBase"]
[SourceQuality "1"]

{[%evp 17,64,68,58,0,12,6,19,-31,-28,-71,-74,-78,-68,-77,-76,-65,-72,-108,-99,-104,-102,-110,-105,-110,-106,-100,-117,-112,-111,-104,-116,-116,-103,-109,-97,-98,-93,-208,-202,-197,-187,-430,-422,-416,-420,-652,-615,-591,-562]} 1. e4 e5 2. Nf3 Nc6 3. Bb5 Bc5 4. O-O Nge7 5. c3 Bb6 6. d4 exd4 7. cxd4 d5 8. exd5 Nxd5 9. Re1+ Be6 {LiveBook: 53 Partien} 10. Ng5 {C64: Spanische Partie (Cordel-Verteidigung)} (10. Bg5 Qd6 11. Nbd2 O-O 12. Nc4 Qb4 13. a4 a6 14. Bd2 Qe7 15. Bxc6 bxc6 16. Rc1 h6 17. a5 Ba7 18. Nce5 c5 19. Nc6 Qd6 20. Nxa7 {½-½ (45) Bruzon Batista,L (2668)-Flores,D (2608) Bogota 2010}) 10... O-O 11. Bxc6 bxc6 12. Nxe6 {Die Stellung ist ausgeglichen.} (12. Qc2 {looks sharper.} g6 13. Nxe6 fxe6 14. Be3 Qh4 15. Na3) 12... fxe6 13. Be3 Nxe3 $146 ({Vorgänger:} 13... Qf6 14. Nd2 Nxe3 15. fxe3 e5 16. Rf1 Qe6 17. Qb3 Qxb3 18. Nxb3 exd4 19. exd4 {½-½ (42) Janousek,P (2183)-Sulc,J (2038) Sec u Chrudimi 2005}) 14. fxe3 c5 15. dxc5 Qxd1 16. Rxd1 Bxc5 {zielt auf ...Tab8 ab.} 17. Na3 Bxe3+ 18. Kh1 e5 19. Nc4 Bd4 20. Rd2 Rf6 21. Re1 Raf8 {( -> ...Tf1+)} 22. g3 Rf1+ 23. Rxf1 Rxf1+ $17 {[%mdl 4096] Endspiel KTL-KTS} 24. Kg2 Ra1 (24... Rc1 {feels hotter.} 25. b3 Kf7 26. Re2 Ke6 27. Kf3 h5) 25. b3 Kf7 26. Re2 Ke6 27. Na3 (27. Kf3 $17) 27... Rg1+ $19 28. Kf3 {[#]} Kd5 $1 29. Nb5 $2 {[#]} (29. Nc4) 29... e4+ $1 {[%cal Be5e4,Be4e3][%mdl 544]} 30. Kg4 (30. Rxe4 Rf1+) 30... c5 31. Nxa7 {[#]} (31. b4 $142 Rb1 32. Nc7+ Ke5 33. bxc5) 31... h5+ $1 {[%mdl 512]} 32. Kxh5 e3 {Precision: Weiß = 39%, Schwarz = 94%.} 0-1

[Event "CZE-tht Extraliga 2017-18"]
[Site "Czech Republic"]
[Date "2017.12.03"]
[Round "4.4"]
[White "Laznicka, Viktor"]
[Black "Murdzia, Piotr"]
[Result "1-0"]
[WhiteElo "2656"]
[BlackElo "2433"]
[Annotator "TA"]
[PlyCount "75"]
[EventDate "2017.??.??"]
[EventType "team-tourn"]
[EventCountry "CZE"]
[SourceTitle "playchess.com"]
[Source "ChessBase"]
[SourceQuality "1"]

{[%evp 24,75,0,0,0,0,0,0,0,0,19,15,54,54,54,54,54,54,54,54,54,54,54,54,54,54,54,57,111,108,122,125,104,104,316,0,149,131,134,117,348,137,132,135,130,120,120,116,195,194,445,278,1129,769]} 1. c4 e5 2. Nc3 Nf6 3. g3 d5 4. cxd5 Nxd5 5. Bg2 Nb6 6. d3 Be7 7. Nf3 Nc6 8. O-O O-O 9. a3 Be6 10. Be3 f6 11. Rc1 Qd7 12. Ne4 {A29: English Opening: Four Knights Variation with 4 g3} (12. Nd2 Bh3 13. Bxh3 Qxh3 14. b4 Kh8 15. Qb3 Rad8 16. Nf3 f5 17. Bc5 Bxc5 18. bxc5 Nd7 19. Qxb7 Rf6 {½-½ (73) Inarkiev,E (2666)-Mamedyarov,S (2743) Kocaeli 2014}) 12... Nd5 13. Bc5 {LiveBook: 3 Games} b6 $1 14. Bxe7 {The position is equal.} Ndxe7 15. b4 Rfd8 16. Qd2 Rac8 17. Qb2 {[#]} Nf5 $146 ({Predecessor:} 17... a5 18. b5 Na7 19. Nc3 Nf5 {0-1 (56) Cvek,R (2525)-Balog,I (2548) Slovakia 2016}) 18. Rxc6 Qxc6 {[#]} 19. Nxe5 $1 {[%mdl 512]} Qe8 {[#]} ({Don't go for} 19... fxe5 $2 20. Nf6+ $1 {[%mdl 512]} gxf6 21. Bxc6 $18) 20. Nc6 $1 {[%mdl 512]} Rd7 $1 (20... Qxc6 21. Nxf6+) 21. Nxa7 Ra8 22. Nc6 Bd5 23. Rc1 Kh8 24. b5 Bxc6 25. Rxc6 Nd4 (25... Qe5 $1 $14 26. Qxe5 fxe5) 26. Rc4 $16 Qe5 27. Nc3 Re8 {[%cal Rd4e2]} 28. e3 {And now Qb4 would win.} Qh5 $2 (28... Qf5 $16) 29. Kf1 $2 ({Weaker is} 29. exd4 Re1+ 30. Bf1 Rde7 $15) ({White has to play} 29. Rxd4 $18 Rxd4 30. exd4) 29... Ne6 (29... Qf5 $1 $11 30. Qd2 Nb3) 30. Bc6 Rxd3 {...Red8 is the strong threat.} 31. Rh4 Qf7 $2 {[#]} (31... Qc5 $16 32. Bxe8 Rxc3) 32. Bxe8 $2 (32. Be4 $1 $18 {[%cal Re4h7]} Qd7 33. Bxh7) 32... Qxe8 33. Qc2 $36 {[%mdl 2048] White is on the roll.} Qd7 34. Ke2 Nc5 35. a4 g5 (35... Qf7 $16 {is a better defense.}) 36. Rc4 $18 Qf5 $2 (36... Rd6 37. Ne4 Qg4+ 38. Ke1 (38. f3 Qh3 $11) 38... Nd3+ 39. Kd2 Rd8) 37. Nb1 {Strongly threatening Rxc5!} Ne4 $2 (37... Rd5 38. Qxf5 Rxf5) 38. Rxe4 {Precision: White = 62%, Black = 30%.} 1-0